David Fincher Movies - Statistics

General Stats
  • This quiz has been taken 13 times
  • The average score is 8 of 35
Answer Stats
Year Movie % Correct
1999 Fight Club
100%
1995 Se7en
83%
2007 Zodiac
83%
1992 Alien 3
75%
2008 The Curious Case of Benjamin Button
75%
2010 The Social Network
75%
2014 Gone Girl
58%
2011 The Girl with the Dragon Tattoo
58%
2020 Mank
42%
2002 Panic Room
42%
2023 The Killer
42%
1997 The Game
33%
1983 Star Wars: Episode VI: Return of the Jedi
8%
2023 Beau is Afraid
0%
1999 Being John Malkovich
0%
2022 Blonde
0%
2022 Devotion
0%
2002 Full Frontal
0%
2013 Gravity
0%
2013 Her
0%
2010 I'm Still Here
0%
1984 Indiana Jones and the Temple of Doom
0%
2000 Keeping the Faith
0%
2016 Lion
0%
2005 Lords of Dogtown
0%
2006 Love and Other Disasters
0%
2021 Music
0%
1985 The Ewok Adventure
0%
2018 The Girl in the Spider's Web
0%
1984 The NeverEnding Story
0%
2005 Thumbsucker
0%
2015 Truth
0%
1983 Twice Upon a Time
0%
2008 WALL-E
0%
2009 Where the Wild Things Are
0%
No matching quizzes found
Score Distribution
Percent of People with Each Score
Percentile by Number Answered
Your Score History
You have not taken this quiz